00438nam a2200157Ia 450000100060000000800410000602000150004704000130006208200240007510000160009924500910011526000450020650100120025154600070026365000100027068345150918s9999 xx 000 0 und d a1854353306 cPK-LaUMT aRCC 582.18022bMAR- aHora,Bayard 4aThe Marshall Cavendish illustrated book of trees and forests of the worldcHora,Bayard aNew York,USA:bMarshall Cavendish,c1990 a2 vols. aEN aTrees